[Event "UK-ch Blitz (Women)"]
[Site "Leamington Spa"]
[Date "2022.12.03"]
[Round "12"]
[White "Duessler, Stefanie"]
[Black "Grigoryan, Meri"]
[Result "1/2-1/2"]
[WhiteElo "2014"]
[BlackElo "1918"]
[PlyCount "53"]
[EventDate "2022.12.03"]
[EventType "tourn (blitz)"]
[EventRounds "15"]
[EventCountry "ENG"]
[SourceTitle "CBM 211 Extra"]
[Source "ChessBase"]
[SourceDate "2023.01.31"]
[SourceVersion "1"]
[SourceVersionDate "2023.01.31"]
[SourceQuality "1"]

1. e4 d5 2. exd5 Qxd5 3. Nc3 Qa5 4. d4 Nf6 5. Nf3 Bg4 6. h3 Bh5 7. g4 Bg6 8. Ne5 c6 9. Bd2 Qc7 10. Bc4 e6 11. Qe2 b5 12. Bb3 b4 13. Nd1 Be4 14. f3 Bd5 15. Nd3 Qg3+ 16. Qf2 Qxf3 17. Bxd5 Qxd5 18. 0-0 a5 19. g5 Ne4 20. Qxf7+ Kd8 21. Bf4 Bd6 22. Bxd6 Qxd6 23. Qxg7 Qg3+ 24. Kh1 Qxh3+ 25. Kg1 Qg4+ 26. Kh2 Qg3+ 27. Kh1 1/2-1/2

[Event "UK-ch Blitz (Women)"]
[Site "Leamington Spa"]
[Date "2022.12.03"]
[Round "8"]
[White "Duessler, Stefanie"]
[Black "Hryshchenko, Kamila"]
[Result "1-0"]
[WhiteElo "2014"]
[BlackElo "2039"]
[PlyCount "73"]
[EventDate "2022.12.03"]
[EventType "tourn (blitz)"]
[EventRounds "15"]
[EventCountry "ENG"]
[SourceTitle "CBM 211 Extra"]
[Source "ChessBase"]
[SourceDate "2023.01.31"]
[SourceVersion "1"]
[SourceVersionDate "2023.01.31"]
[SourceQuality "1"]

1. e4 d6 2. d4 g6 3. Nc3 Bg7 4. Be3 a6 5. Qd2 h6 6. h4 b5 7. a3 Nd7 8. Nge2 Bb7 9. f3 Nb6 10. Nf4 c6 11. g4 Qc7 12. 0-0-0 a5 13. d5 b4 14. Nb1 c5 15. Bb5+ Kd8 16. a4 Ba6 17. Qe2 Bxb5 18. Qxb5 Rb8 19. Rhe1 Nd7 20. Qe2 Ne5 21. Nd2 c4 22. Kb1 c3 23. Nb3 Nc4 24. bxc3 bxc3 25. Bd4 Bxd4 26. Rxd4 Nd2+ 27. Ka2 Nxb3 28. cxb3 Qb7 29. Qc2 Nf6 30. Qxc3 Nd7 31. Nd3 Rc8 32. Rc4 Rb8 33. Rc1 Nb6 34. Qxh8+ Kd7 35. Qc3 Nxc4 36. Qxc4 Ke8 37. Qc6+ 1-0

[Event "Lehrte Comitec"]
[Site "Lehrte"]
[Date "2022.08.15"]
[Round "3"]
[White "Plischki, Sebastian"]
[Black "Duessler, Stefanie"]
[Result "1-0"]
[WhiteElo "2374"]
[BlackElo "2113"]
[PlyCount "79"]
[EventDate "2022.08.14"]
[EventType "tourn"]
[EventRounds "9"]
[EventCountry "GER"]
[EventCategory "3"]
[SourceTitle "EXT 2024"]
[Source "ChessBase"]
[SourceDate "2023.10.10"]
[SourceVersion "1"]
[SourceVersionDate "2023.10.10"]
[SourceQuality "1"]

1. d4 Nf6 2. c4 g6 3. Nc3 Bg7 4. e4 d6 5. h3 0-0 6. Be3 e5 7. d5 c5 8. g4 Qa5 9. Bd3 Bd7 10. Nge2 Na6 11. Ng3 Rab8 12. Qd2 Nc7 13. a4 Na6 14. 0-0 Nb4 15. Na2 b6 16. Nxb4 Qxb4 17. Qxb4 cxb4 18. a5 Be8 19. axb6 axb6 20. Bd2 Nd7 21. Bxb4 Nc5 22. Be2 f6 23. Ra3 Rf7 24. Bd2 b5 25. b4 Nd7 26. cxb5 Nb6 27. Rc1 Rfb7 28. Ra6 Bf8 29. Nf1 Na8 30. Rac6 Be7 31. Be3 Bxc6 32. dxc6 Rc7 33. Ra1 Nb6 34. Bxb6 Rxb6 35. Ne3 Rb8 36. Nd5 Bd8 37. Bc4 Kf8 38. Nxc7 Bxc7 39. Ra7 Bb6 40. Rxh7 1-0

[Event "BL 1920 (Women)"]
[Site "Germany"]
[Date "2021.09.05"]
[Round "11.4"]
[White "Duessler, Stefanie"]
[Black "Stockova, Zuzana"]
[Result "1/2-1/2"]
[WhiteElo "2108"]
[BlackElo "2294"]
[PlyCount "87"]
[EventDate "2019.09.14"]
[EventType "team-tourn"]
[EventRounds "11"]
[EventCountry "GER"]
[SourceTitle "EXT 2022"]
[Source "ChessBase"]
[SourceDate "2021.10.06"]
[SourceVersion "1"]
[SourceVersionDate "2021.10.06"]
[SourceQuality "1"]
[WhiteTeam "Lehrte (W)"]
[BlackTeam "Rodewisch (W)"]
[WhiteTeamCountry "GER"]
[BlackTeamCountry "GER"]

1. e4 c5 2. Nf3 d6 3. d4 cxd4 4. Nxd4 Nf6 5. Nc3 g6 6. Be3 Bg7 7. Be2 0-0 8. Qd2 Nc6 9. 0-0-0 Nxd4 10. Bxd4 Be6 11. Kb1 b5 12. Bf3 Rc8 13. Nd5 Bxd5 14. exd5 Rc4 15. Be2 Rxd4 16. Qxd4 Qa5 17. h4 Nd7 18. Qd2 b4 19. Bc4 Qc5 20. Be2 Nb6 21. Rh3 Na4 22. Rb3 a5 23. h5 Qxf2 24. Bb5 Qxd2 25. Rxd2 Nc5 26. Rh3 Rb8 27. Bc6 a4 28. Re2 Kf8 29. hxg6 hxg6 30. Kc1 f5 31. g4 fxg4 32. Rg3 a3 33. b3 Kf7 34. Rf2+ Bf6 35. Rxg4 Kg7 36. Rh2 g5 37. Kd2 Kg6 38. Ke3 Bc3 39. Rhg2 Bf6 40. R4g3 Rh8 41. Bb5 Rh1 42. Rg1 Rh2 43. R1g2 Rh1 44. Rg1 1/2-1/2

[Event "BL 1920 (Women)"]
[Site "Germany"]
[Date "2021.09.03"]
[Round "9.4"]
[White "Duessler, Stefanie"]
[Black "Anisheva, Varvara"]
[Result "0-1"]
[WhiteElo "2108"]
[BlackElo "2092"]
[PlyCount "108"]
[EventDate "2019.09.14"]
[EventType "team-tourn"]
[EventRounds "11"]
[EventCountry "GER"]
[SourceTitle "EXT 2022"]
[Source "ChessBase"]
[SourceDate "2021.10.06"]
[SourceVersion "1"]
[SourceVersionDate "2021.10.06"]
[SourceQuality "1"]
[WhiteTeam "Lehrte (W)"]
[BlackTeam "Erfurt Medizin (W)"]
[WhiteTeamCountry "GER"]
[BlackTeamCountry "GER"]

1. e4 c5 2. Nc3 Nc6 3. f4 e6 4. Bc4 g6 5. Nf3 Bg7 6. 0-0 Nge7 7. d3 0-0 8. Qe1 Nd4 9. Nxd4 cxd4 10. Nd1 d5 11. Bb3 dxe4 12. dxe4 Bd7 13. Nf2 a5 14. a3 a4 15. Bc4 b5 16. Bd3 f5 17. Bd2 Re8 18. Nh3 Nc8 19. e5 Bc6 20. Ng5 Nb6 21. Rd1 Nc4 22. Bxc4 bxc4 23. Bc3 d3 24. cxd3 cxd3 25. Qg3 Qb6+ 26. Kh1 Rad8 27. Nf3 Bb5 28. Rd2 Rd5 29. Ne1 Red8 30. Bb4 R8d7 31. Rf3 Qa6 32. Qh4 Bf8 33. Bxf8 Kxf8 34. Qf6+ Kg8 35. Rg3 Rf7 36. Qh4 Qc8 37. Re3 Qc1 38. Qf2 Rc7 39. h3 Qb1 40. Kh2 Rc1 41. Qh4 Rd7 42. Nf3 Rh1+ 43. Kg3 Rd1 44. Qf6 Bc4 45. Ng5 Rxd2 46. Nxe6 Bxe6 47. Qxe6+ Rf7 48. Qe8+ Rf8 49. Qe6+ Kg7 50. Qd7+ Rf7 51. Qd4 Qf1 52. e6+ Rf6 53. Kh4 Rxg2 54. Qd7+ Kh6 0-1

[Event "BL 1920 (Women)"]
[Site "Germany"]
[Date "2020.02.01"]
[Round "5.4"]
[White "Schmidt, Jessica"]
[Black "Duessler, Stefanie"]
[Result "1-0"]
[WhiteElo "2239"]
[BlackElo "2108"]
[PlyCount "95"]
[EventDate "2019.09.14"]
[EventType "team-tourn"]
[EventRounds "11"]
[EventCountry "GER"]
[SourceTitle "CBM 195 Extra"]
[Source "ChessBase"]
[SourceDate "2020.05.31"]
[SourceVersion "1"]
[SourceVersionDate "2020.05.31"]
[SourceQuality "1"]
[WhiteTeam "Karlsruhe (W)"]
[BlackTeam "Lehrte (W)"]
[WhiteTeamCountry "GER"]
[BlackTeamCountry "GER"]

1. d4 f5 2. c4 Nf6 3. Nc3 d6 4. Nf3 g6 5. g3 Bg7 6. Bg2 0-0 7. 0-0 Qe8 8. d5 Na6 9. Nd4 Bd7 10. Rb1 c6 11. Re1 Nc7 12. Bf4 Nh5 13. Qd2 Nxf4 14. gxf4 c5 15. Nf3 b5 16. cxb5 Nxb5 17. Nxb5 Bxb5 18. Ng5 Bd7 19. Rec1 a5 20. b3 h6 21. Ne6 Bxe6 22. dxe6 Ra7 23. Bd5 Qb5 24. a4 Qb6 25. e3 Rc7 26. Kh1 Rcc8 27. Rg1 Kh7 28. Qd3 Qb4 29. Rbc1 Rb8 30. Rg2 Bf6 31. Rcg1 Rg8 32. Rxg6 Rxg6 33. Qxf5 Rbg8 34. Be4 Qxe4+ 35. Qxe4 h5 36. Rxg6 Rxg6 37. Qb7 Rg7 38. Qb5 Bh4 39. Qe2 Kh6 40. h3 Rg8 41. f5 Rb8 42. Qc2 Rb4 43. f4 Bf6 44. Qg2 Kh7 45. Qg6+ Kh8 46. Qxh5+ Kg8 47. Qd1 Kg7 48. Kg2 1-0

[Event "BL 1819 (Women)"]
[Site "Germany"]
[Date "2019.03.02"]
[Round "10.3"]
[White "Duessler, Stefanie"]
[Black "Savina, Anastasia"]
[Result "0-1"]
[WhiteElo "2115"]
[BlackElo "2331"]
[PlyCount "92"]
[EventDate "2018.10.27"]
[EventType "team-tourn"]
[EventRounds "11"]
[EventCountry "GER"]
[SourceTitle "CBM 189 Extra"]
[Source "ChessBase"]
[SourceDate "2019.06.03"]
[SourceVersion "1"]
[SourceVersionDate "2019.06.03"]
[SourceQuality "1"]
[WhiteTeam "Lehrte (W)"]
[BlackTeam "Bad Koenigshofen (W)"]
[WhiteTeamCountry "GER"]
[BlackTeamCountry "GER"]

1. e4 c5 2. Nf3 Nc6 3. Bb5 g6 4. Bxc6 bxc6 5. 0-0 Bg7 6. c3 Nf6 7. Re1 0-0 8. d4 cxd4 9. cxd4 d5 10. e5 Ne4 11. Nc3 Nxc3 12. bxc3 Qa5 13. Qb3 Bg4 14. Nd2 Bh6 15. Qb4 Qxb4 16. cxb4 Rfb8 17. h3 Bf5 18. a3 a5 19. bxa5 Bf8 20. Nf1 Rxa5 21. Ne3 Bd3 22. Rd1 Be2 23. Rd2 Bb5 24. Rb2 Ra4 25. Nc2 e6 26. Bd2 Rba8 27. Bb4 Bd3 28. Rc1 Bxc2 29. Rcxc2 Bxb4 30. Rxb4 Rxb4 31. axb4 Ra1+ 32. Kh2 Rb1 33. Rxc6 Rxb4 34. Kg3 g5 35. h4 gxh4+ 36. Kxh4 Rxd4+ 37. Kg3 Kg7 38. f4 Kg6 39. Kf3 Rc4 40. Rd6 Rc3+ 41. Kf2 Kf5 42. g3 Rc7 43. Rd8 Ke4 44. Rh8 Rc2+ 45. Ke1 Ke3 46. Kd1 Rh2 0-1

[Event "BL 1617 (Women)"]
[Site "Germany"]
[Date "2017.04.30"]
[Round "10.3"]
[White "Zahn, Alina"]
[Black "Duessler, Stefanie"]
[Result "0-1"]
[WhiteElo "2060"]
[BlackElo "2081"]
[PlyCount "88"]
[EventDate "2016.10.22"]
[EventType "team-tourn"]
[EventRounds "11"]
[EventCountry "GER"]
[SourceTitle "EXT 2018"]
[Source "ChessBase"]
[SourceDate "2017.10.13"]
[SourceVersion "1"]
[SourceVersionDate "2017.10.13"]
[SourceQuality "1"]
[WhiteTeam "Hamburger SK (W)"]
[BlackTeam "Lehrte (W)"]
[WhiteTeamCountry "GER"]
[BlackTeamCountry "GER"]

1. e4 c5 2. Ne2 e6 3. g3 Nc6 4. Nbc3 g6 5. Bg2 Bg7 6. 0-0 Nge7 7. d3 0-0 8. Be3 Nd4 9. Qd2 d6 10. Nd1 Nxe2+ 11. Qxe2 Rb8 12. c3 e5 13. f4 Qc7 14. Nf2 b5 15. fxe5 dxe5 16. Ng4 f5 17. Nh6+ Kh8 18. Bg5 Rb6 19. Rf2 Be6 20. Raf1 c4 21. Rd1 Rd6 22. b3 Ng8 23. Nxg8 Bxg8 24. bxc4 Ra6 25. exf5 gxf5 26. Rdf1 bxc4 27. Rxf5 Rxf5 28. Rxf5 cxd3 29. Qxd3 Rxa2 30. Be3 Ra3 31. Bd2 Qc5+ 32. Be3 Qc7 33. Bd2 a5 34. Rf2 Ra1+ 35. Bf1 a4 36. Be3 Ra3 37. Bd2 Rb3 38. Qe4 a3 39. Bg5 Qxc3 40. Qa8 Qc5 41. Qd8 Rb2 42. Qf6 Qxf2+ 43. Qxf2 Rxf2 44. Kxf2 a2 0-1

[Event "BL 1516 (Women)"]
[Site "Germany"]
[Date "2016.01.10"]
[Round "5.1"]
[White "Duessler, Stefanie"]
[Black "Cosma, Elena Luminita"]
[Result "0-1"]
[WhiteElo "2078"]
[BlackElo "2330"]
[PlyCount "152"]
[EventDate "2015.09.26"]
[EventType "team-tourn"]
[EventRounds "11"]
[EventCountry "GER"]
[SourceTitle "EXT 2017"]
[Source "ChessBase"]
[SourceDate "2016.10.25"]
[SourceVersion "1"]
[SourceVersionDate "2016.10.25"]
[SourceQuality "1"]
[WhiteTeam "Lehrte (W)"]
[BlackTeam "Grosslehna (W)"]
[WhiteTeamCountry "GER"]
[BlackTeamCountry "GER"]

1. e4 e6 2. d4 d5 3. exd5 exd5 4. Bd3 Nc6 5. Ne2 Bd6 6. Nbc3 Nge7 7. Bg5 h6 8. Bh4 Nb4 9. Bb5+ c6 10. Ba4 Be6 11. a3 Na6 12. Qd2 Nc7 13. Bg3 Nf5 14. Bxd6 Nxd6 15. Bb3 Qf6 16. Nf4 0-0 17. 0-0-0 Rfe8 18. f3 Bd7 19. h4 Nf5 20. Nh5 Qd6 21. g4 Ng3 22. Nxg3 Qxg3 23. Rdf1 Qd6 24. h5 Re7 25. Rhg1 Rae8 26. g5 hxg5 27. Qxg5 Ne6 28. Qg2 Qf4+ 29. Kb1 Qxd4 30. Ne2 Qf6 31. h6 g6 32. f4 Nc5 33. Ng3 Nxb3 34. cxb3 Bf5+ 35. Ka2 Kh7 36. Qd2 Re6 37. Rf2 d4 38. Nxf5 Qxf5 39. Qxd4 Qf6 40. Qd2 Rd8 41. Qc2 Rd5 42. Rg5 Rf5 43. Qd2 b6 44. Rxf5 Qxf5 45. Qd4 Qf6 46. Qd7 a5 47. Qc8 a4 48. bxa4 Qd4 49. Rc2 Qd5+ 50. b3 Qf5 51. Kb2 Qxf4 52. Qf8 Qf6+ 53. Ka2 Rd6 54. b4 Rd8 55. Qg7+ Qxg7 56. hxg7 Rc8 57. a5 bxa5 58. b5 c5 59. Kb3 f5 60. Ka4 f4 61. b6 Kxg7 62. Kb5 g5 63. Rxc5 Rxc5+ 64. Kxc5 f3 65. b7 f2 66. b8Q f1Q 67. Qe5+ Qf6 68. Qe3 Kg6 69. Kb5 Qf5+ 70. Kb6 g4 71. a4 Kh5 72. Qg3 Kg5 73. Qh2 Qd5 74. Qf2 Qe6+ 75. Ka7 Qe7+ 76. Ka6 Qf6+ 0-1

[Event "AUT-chT (Women) 1516"]
[Site "Austria"]
[Date "2015.11.07"]
[Round "2.1"]
[White "Duessler, Stefanie"]
[Black "Novkovic, Julia"]
[Result "1/2-1/2"]
[WhiteElo "2054"]
[BlackElo "2146"]
[PlyCount "103"]
[EventDate "2015.11.06"]
[EventType "team-swiss"]
[EventRounds "7"]
[EventCountry "AUT"]
[SourceTitle "EXT 2017"]
[Source "ChessBase"]
[SourceDate "2016.10.25"]
[SourceVersion "1"]
[SourceVersionDate "2016.10.25"]
[SourceQuality "1"]
[WhiteTeam "St Veit/Glan (W)"]
[BlackTeam "Dornbirn (W)"]
[WhiteTeamCountry "AUT"]
[BlackTeamCountry "AUT"]

1. e4 e5 2. Nf3 Nc6 3. Bb5 a6 4. Ba4 Nf6 5. 0-0 Be7 6. Re1 b5 7. Bb3 d6 8. c3 0-0 9. h3 Na5 10. Bc2 c5 11. d4 Qc7 12. Nbd2 Nc6 13. d5 Nd8 14. Nf1 Ne8 15. b3 g6 16. N3h2 f6 17. c4 bxc4 18. bxc4 Ng7 19. Ng3 Nf7 20. Qe2 Rb8 21. Bd2 Bd7 22. Rab1 Rxb1 23. Rxb1 Rb8 24. Rxb8+ Qxb8 25. Qe1 f5 26. Qc1 f4 27. Ne2 Ne8 28. Qa3 Nf6 29. Bc3 Qb7 30. Qb2 Qxb2 31. Bxb2 Nd8 32. Nf3 Nb7 33. Nd2 Bd8 34. Bc3 Kf7 35. Nc1 Ba5 36. Bxa5 Nxa5 37. Kh2 Ke7 38. Kg1 h5 39. h4 Nh7 40. Bd1 Be8 41. Ncb3 Nb7 42. Nf3 Kf6 43. g3 g5 44. Kg2 g4 45. Nfd2 Nf8 46. f3 Bd7 47. Nb1 Ng6 48. Nc3 gxf3+ 49. Bxf3 Bg4 50. Ne2 Bxf3+ 51. Kxf3 fxg3 52. Kxg3 1/2-1/2

[Event "BL 1516 (Women)"]
[Site "Germany"]
[Date "2015.09.27"]
[Round "2.1"]
[White "Duessler, Stefanie"]
[Black "Gunina, Valentina"]
[Result "0-1"]
[WhiteElo "2078"]
[BlackElo "2529"]
[PlyCount "96"]
[EventDate "2015.09.26"]
[EventType "team-tourn"]
[EventRounds "11"]
[EventCountry "GER"]
[SourceTitle "CBM 168 Extra"]
[Source "ChessBase"]
[SourceDate "2015.10.29"]
[SourceVersion "1"]
[SourceVersionDate "2015.10.29"]
[SourceQuality "1"]
[WhiteTeam "Lehrte (W)"]
[BlackTeam "Bad Koenigshofen (W)"]
[WhiteTeamCountry "GER"]
[BlackTeamCountry "GER"]

1. e4 c6 2. d4 d5 3. Nc3 dxe4 4. Nxe4 Bf5 5. Ng3 Bg6 6. N1e2 e6 7. Nf4 Bd6 8. c3 Nf6 9. h4 Bxf4 10. Bxf4 h6 11. Bd3 Bxd3 12. Qxd3 0-0 13. 0-0-0 Nbd7 14. Ne4 Nxe4 15. Qxe4 Nf6 16. Qe2 Qa5 17. a3 Qb5 18. c4 Qa6 19. g4 Nd5 20. Bd6 Rfd8 21. Bc5 b6 22. Bb4 Nf4 23. Qc2 e5 24. dxe5 c5 25. Bc3 Qxc4 26. Kb1 Nd5 27. Rd3 Qe4 28. Rg1 Nxc3+ 29. Rxc3 Qxe5 30. g5 hxg5 31. hxg5 g6 32. Re3 Qf4 33. Rh3 Kg7 34. Qc3+ Rd4 35. Rf3 Qe4+ 36. Ka1 Rh8 37. Rh3 Rxh3 38. Qxh3 Qd5 39. Qc3 Kg8 40. Qg3 Kg7 41. Qc3 b5 42. Rc1 Qxg5 43. Qxc5 Qxc5 44. Rxc5 Rd2 45. f3 Rd3 46. Rxb5 Rxf3 47. Ra5 a6 48. Rxa6 g5 0-1

[Event "BL 1415 (Women)"]
[Site "Germany"]
[Date "2015.04.19"]
[Round "11.2"]
[White "Ulms, Sandra"]
[Black "Duessler, Stefanie"]
[Result "1-0"]
[WhiteElo "2112"]
[BlackElo "2063"]
[PlyCount "119"]
[EventDate "2014.09.27"]
[EventType "team-tourn"]
[EventRounds "11"]
[EventCountry "GER"]
[SourceTitle "CBM 166 Extra"]
[Source "ChessBase"]
[SourceDate "2015.06.18"]
[SourceVersion "1"]
[SourceVersionDate "2015.06.18"]
[SourceQuality "1"]
[WhiteTeam "Leipzig SG (W)"]
[BlackTeam "Lehrte (W)"]
[WhiteTeamCountry "GER"]
[BlackTeamCountry "GER"]

1. d4 f5 2. Nf3 Nf6 3. g3 g6 4. Bg2 Bg7 5. b3 0-0 6. Bb2 d6 7. Nbd2 Qe8 8. c4 h6 9. Qc2 Na6 10. Bc3 c6 11. 0-0 Nc7 12. e3 Bd7 13. a4 g5 14. b4 Qh5 15. b5 Ne6 16. bxc6 bxc6 17. Rab1 f4 18. exf4 gxf4 19. Rb7 Nd8 20. Rc7 Ne6 21. Rb7 Nd8 22. Rb2 Bf5 23. Qb3 Ne4 24. Nh4 Nxc3 25. Qxc3 Bh7 26. Ndf3 Bf6 27. Qd2 fxg3 28. fxg3 Ne6 29. Qe3 Qg4 30. Rd2 Ng5 31. Nxg5 Bxg5 32. Qe2 Qxe2 33. Rxe2 Bd3 34. Rxf8+ Rxf8 35. Re1 Bxc4 36. Bxc6 e6 37. Nf3 Bf6 38. Kg2 Rb8 39. h4 Kf7 40. g4 d5 41. Bd7 Rb6 42. g5 hxg5 43. hxg5 Bg7 44. a5 Rd6 45. Ba4 Bd3 46. Rc1 Ra6 47. Rc7+ Kg8 48. Bd7 Bf5 49. Nh4 Be4+ 50. Kh3 Bxd4 51. Bc8 Rd6 52. Re7 e5 53. Bf5 Bxf5+ 54. Nxf5 Ra6 55. Rd7 Bc3 56. Rxd5 Rxa5 57. Rd7 e4 58. Kg4 Re5 59. g6 Ba5 60. Nh6+ 1-0

[Event "GER-chT U20 Girls"]
[Site "Naumburg Saale"]
[Date "2014.12.28"]
[Round "3.1"]
[White "Lagunow, Elina"]
[Black "Duessler, Stefanie"]
[Result "1-0"]
[WhiteElo "1743"]
[BlackElo "2122"]
[PlyCount "75"]
[EventDate "2014.12.27"]
[EventType "team-swiss"]
[EventRounds "7"]
[EventCountry "GER"]
[SourceTitle "EXT 2016"]
[Source "ChessBase"]
[SourceDate "2015.10.08"]
[SourceVersion "1"]
[SourceVersionDate "2015.10.08"]
[SourceQuality "1"]
[WhiteTeam "Weissensee Chemie"]
[BlackTeam "Lehrte"]
[WhiteTeamCountry "GER"]
[BlackTeamCountry "GER"]

1. Nf3 c5 2. g3 Nc6 3. Bg2 g6 4. d3 Bg7 5. 0-0 d6 6. c3 e5 7. e4 Nge7 8. Nbd2 0-0 9. Ne1 Rb8 10. f4 d5 11. Nef3 exf4 12. gxf4 dxe4 13. dxe4 Qc7 14. Nc4 Be6 15. Nce5 Rbd8 16. Qe2 Nxe5 17. Nxe5 Bxe5 18. fxe5 Nc6 19. Bg5 Rc8 20. Bh6 Rfe8 21. Qf2 Bc4 22. Rfd1 Qxe5 23. Bf4 Qh5 24. Bf3 Qh3 25. Bg2 Qg4 26. h3 Qh5 27. Qg3 Be6 28. Rd5 Qe2 29. Rd2 Qb5 30. Qg5 Qa5 31. Qf6 c4 32. Rd5 Qb6+ 33. Kh1 Qf2 34. Rf1 Qxf1+ 35. Bxf1 Bxd5 36. exd5 Ne7 37. Be5 Nf5 38. Qh8# 1-0

[Event "BL 1415 (Women)"]
[Site "Germany"]
[Date "2014.12.14"]
[Round "5.2"]
[White "Hoolt, Sarah"]
[Black "Duessler, Stefanie"]
[Result "1/2-1/2"]
[WhiteElo "2332"]
[BlackElo "2063"]
[PlyCount "96"]
[EventDate "2014.09.27"]
[EventType "team-tourn"]
[EventRounds "11"]
[EventCountry "GER"]
[SourceTitle "CBM 166 Extra"]
[Source "ChessBase"]
[SourceDate "2015.06.18"]
[SourceVersion "1"]
[SourceVersionDate "2015.06.18"]
[SourceQuality "1"]
[WhiteTeam "Hamburger SK (W)"]
[BlackTeam "Lehrte (W)"]
[WhiteTeamCountry "GER"]
[BlackTeamCountry "GER"]

1. e4 c5 2. d3 Nc6 3. g3 g6 4. Bg2 Bg7 5. f4 d6 6. Nf3 e5 7. fxe5 dxe5 8. Nc3 Nge7 9. Be3 Nd4 10. Qd2 0-0 11. 0-0-0 Rb8 12. Bh6 Qd6 13. h4 Bg4 14. Rdf1 b5 15. Bxg7 Kxg7 16. h5 gxh5 17. Kb1 h6 18. Nh2 Qg6 19. Bf3 Rb6 20. Qd1 Nxf3 21. Nxf3 Qe6 22. Qe1 Ra6 23. b3 Rb6 24. Qe3 c4 25. Nd2 cxd3 26. Qxd3 Rd6 27. Qe3 a6 28. Rh2 Qc8 29. Nf3 f6 30. Nh4 Rc6 31. Nd5 Nxd5 32. exd5 Rd6 33. Qe4 Qe8 34. Nf5+ Bxf5 35. Rxf5 Qg6 36. Rhxh5 Qxg3 37. Rh1 Qg6 38. Rh4 h5 39. Rhxh5 Qg1+ 40. Kb2 Qd4+ 41. Qxd4 exd4 42. Rh4 Kg6 43. Rhf4 Rc8 44. b4 Rc4 45. a3 Rc3 46. Rf2 Rg3 47. R5f4 d3 48. Rd4 dxc2 1/2-1/2

[Event "BL 1415 (Women)"]
[Site "Germany"]
[Date "2014.11.30"]
[Round "4.2"]
[White "Rudolf, Anna"]
[Black "Duessler, Stefanie"]
[Result "1-0"]
[WhiteElo "2314"]
[BlackElo "2063"]
[PlyCount "59"]
[EventDate "2014.09.27"]
[EventType "team-tourn"]
[EventRounds "11"]
[EventCountry "GER"]
[SourceTitle "CBM 166 Extra"]
[Source "ChessBase"]
[SourceDate "2015.06.18"]
[SourceVersion "1"]
[SourceVersionDate "2015.06.18"]
[SourceQuality "1"]
[WhiteTeam "Rodewisch (W)"]
[BlackTeam "Lehrte (W)"]
[WhiteTeamCountry "GER"]
[BlackTeamCountry "GER"]

1. e4 c5 2. Nf3 e6 3. d4 cxd4 4. Nxd4 Nc6 5. Nc3 Qc7 6. Be2 a6 7. 0-0 Nf6 8. Be3 Bb4 9. Nxc6 bxc6 10. Qd4 Bd6 11. f4 e5 12. Qd2 Bb4 13. fxe5 Qxe5 14. Rf5 Qe7 15. e5 Nd5 16. Bd4 Nc7 17. a3 Bc5 18. Ne4 Bxd4+ 19. Qxd4 0-0 20. Qd6 Qe6 21. Raf1 Nb5 22. Qd3 g6 23. Nf6+ Kg7 24. c4 Nc7 25. Qc3 Bb7 26. Nh5+ Kg8 27. Nf6+ Kg7 28. Rh5 Rh8 29. Bg4 Qe7 30. e6 1-0

[Event "BL 1415 (Women)"]
[Site "Germany"]
[Date "2014.11.29"]
[Round "3.2"]
[White "Duessler, Stefanie"]
[Black "Savina, Anastasia"]
[Result "1/2-1/2"]
[WhiteElo "2063"]
[BlackElo "2373"]
[PlyCount "59"]
[EventDate "2014.09.27"]
[EventType "team-tourn"]
[EventRounds "11"]
[EventCountry "GER"]
[SourceTitle "CBM 166 Extra"]
[Source "ChessBase"]
[SourceDate "2015.06.18"]
[SourceVersion "1"]
[SourceVersionDate "2015.06.18"]
[SourceQuality "1"]
[WhiteTeam "Lehrte (W)"]
[BlackTeam "Bad Koenigshofen (W)"]
[WhiteTeamCountry "GER"]
[BlackTeamCountry "GER"]

1. e4 c5 2. Nf3 Nc6 3. d4 cxd4 4. Nxd4 e5 5. Nb5 d6 6. c4 Be7 7. N1c3 a6 8. Na3 Be6 9. Be2 Nf6 10. Nc2 Rc8 11. Qd3 0-0 12. 0-0 Nd4 13. Ne3 b5 14. cxb5 axb5 15. Ned5 b4 16. Nxb4 Bc4 17. Qe3 d5 18. Bxc4 dxc4 19. Ncd5 Nxd5 20. Nxd5 Nc2 21. Qg3 Bh4 22. Qc3 Nxa1 23. Be3 f5 24. Rxa1 fxe4 25. Qxe5 Qe8 26. Qd4 Qf7 27. g3 Rcd8 28. Rd1 Bf6 29. Qxc4 Kh8 30. Rd2 1/2-1/2

[Event "GER-chT Lands U20"]
[Site "Hannover"]
[Date "2014.10.07"]
[Round "7.3"]
[White "Duessler, Stefanie"]
[Black "Schmidek, Emil"]
[Result "1-0"]
[WhiteElo "2113"]
[BlackElo "2108"]
[PlyCount "161"]
[EventDate "2014.10.03"]
[EventType "team-swiss"]
[EventRounds "7"]
[EventCountry "GER"]
[SourceTitle "CBM 162 Extra"]
[Source "ChessBase"]
[SourceDate "2014.10.17"]
[SourceVersion "1"]
[SourceVersionDate "2014.10.17"]
[SourceQuality "1"]
[WhiteTeam "Niedersachsen"]
[BlackTeam "Berlin"]
[WhiteTeamCountry "GER"]
[BlackTeamCountry "GER"]

1. e4 e5 2. Nf3 Nc6 3. Bb5 a6 4. Ba4 b5 5. Bb3 Nf6 6. 0-0 Be7 7. Re1 d6 8. c3 0-0 9. h3 Na5 10. Bc2 c5 11. d4 Qc7 12. Nbd2 cxd4 13. cxd4 Nc6 14. Nb3 a5 15. Be3 a4 16. Nbd2 Bd7 17. Rc1 Qb7 18. Qe2 Bd8 19. dxe5 dxe5 20. Bd3 b4 21. Bc5 Re8 22. Nc4 Bc7 23. Nd6 Bxd6 24. Bxd6 Re6 25. Bc5 Ra5 26. Ng5 Re8 27. Bc4 Nd8 28. Qe3 Ne6 29. Nxe6 Bxe6 30. Bxe6 Rxe6 31. Rc4 Rb5 32. Qd2 b3 33. a3 h6 34. Bb4 Rc6 35. Qd3 Rbb6 36. Bc3 Rd6 37. Qe3 Qa6 38. Rc5 Nd7 39. Ra5 Qd3 40. Rxa4 Rb5 41. Rb4 Rxb4 42. Bxb4 Rd4 43. Qxd3 Rxd3 44. Kf1 Nb6 45. Bc3 Nc4 46. Rc1 Rd7 47. a4 Nd2+ 48. Kg1 Nxe4 49. Bxe5 f6 50. Bf4 Rd4 51. a5 Ra4 52. f3 g5 53. Be3 Nd6 54. Rc3 Rxa5 55. Rxb3 Rd5 56. Rb8+ Kf7 57. Kf2 Ke6 58. b4 Nb5 59. Rb6+ Kf5 60. Bc5 Nc7 61. Be7 Ne6 62. Rd6 Rb5 63. Ra6 Ke5 64. Ke3 f5 65. Ra5 Nc7 66. Kd3 Kd5 67. g4 fxg4 68. fxg4 Rxa5 69. bxa5 Ne6 70. Ke3 Kc6 71. Ke4 Nf4 72. h4 Ng6 73. hxg5 hxg5 74. Bxg5 Nf8 75. Be3 Nh7 76. Kf5 Nf8 77. a6 Kc7 78. Kf6 Nd7+ 79. Ke6 Nf8+ 80. Kf7 Nd7 81. Bd4 1-0

[Event "GER-chT Lands U20"]
[Site "Hannover"]
[Date "2014.10.05"]
[Round "4.3"]
[White "Gretz, Denis"]
[Black "Duessler, Stefanie"]
[Result "1-0"]
[WhiteElo "2040"]
[BlackElo "2113"]
[PlyCount "73"]
[EventDate "2014.10.03"]
[EventType "team-swiss"]
[EventRounds "7"]
[EventCountry "GER"]
[SourceTitle "CBM 162 Extra"]
[Source "ChessBase"]
[SourceDate "2014.10.17"]
[SourceVersion "1"]
[SourceVersionDate "2014.10.17"]
[SourceQuality "1"]
[WhiteTeam "Bayern"]
[BlackTeam "Niedersachsen"]
[WhiteTeamCountry "GER"]
[BlackTeamCountry "GER"]

1. e4 c5 2. Nf3 e6 3. d4 cxd4 4. Nxd4 Nc6 5. Nc3 Qc7 6. Qd3 a6 7. Nxc6 bxc6 8. Qg3 Qxg3 9. hxg3 d5 10. Na4 Bb7 11. Bf4 Rd8 12. Nb6 Bd6 13. Bxd6 Rxd6 14. e5 Rd8 15. Na4 a5 16. Nc5 Rb8 17. Rh4 Bc8 18. 0-0-0 f6 19. Ra4 fxe5 20. Re1 e4 21. f3 Nh6 22. fxe4 0-0 23. Rxa5 Ng4 24. Bd3 e5 25. Ra7 Rf2 26. Rf1 Rxf1+ 27. Bxf1 Ne3 28. Bd3 d4 29. a4 Nxg2 30. Bc4+ Kh8 31. Re7 Bg4 32. a5 Ne3 33. Bf7 Be2 34. Nd3 h5 35. a6 Kh7 36. a7 Ra8 37. Be8 1-0